Specifika privatizace a řízení potravinářských podniků.

Nutnosť rešpektovať pri formulácii hospodárskej politiky voči podnikom potravinárskeho priemyslu špecifické črty tohoto odvetvia. Plánovaný postup procesu deetatizácie a privatizácie potravinárskych podnikov. Nové štruktúry, ktoré si vyžaduje racionalizácia riadenia potravinárskych podnikov.

Gespeichert in:
Bibliographische Detailangaben
1. Verfasser: Šklubal, Z.
Format: Buchkapitel
Sprache:Tschechisch
Schlagworte:
Tags: Tag hinzufügen
Keine Tags, Fügen Sie das erste Tag hinzu!

MARC

LEADER 00000naa a2200000 4500
001 r004037
005 20221125075912.4
041 0 |a cze 
044 |a [CS] 
245 1 0 |a Specifika privatizace a řízení potravinářských podniků.  |c Z. Šklubal 
520 |a Nutnosť rešpektovať pri formulácii hospodárskej politiky voči podnikom potravinárskeho priemyslu špecifické črty tohoto odvetvia. Plánovaný postup procesu deetatizácie a privatizácie potravinárskych podnikov. Nové štruktúry, ktoré si vyžaduje racionalizácia riadenia potravinárskych podnikov. 
610 2 0 |a privatizácia 
610 2 0 |a riadenie podnikové 
610 2 0 |a potravinárstvo 
610 2 0 |a politika hospodárska 
610 2 0 |a ČSFR 
610 2 0 |a deetatizácia 
610 2 0 |a zmeny štruktúrne 
100 1 |a Šklubal, Z.